000 00479nam a2200157Ia 4500
999 _c13808
_d13808
020 _a9781426377815
082 _a031.2 N27711 2025
110 _aNational Geographic Society
245 0 _aNational geographic for kids: almanac 2026.
260 _aWashington D.C., USA
_bNational Geographic,
_cc2025.
300 _a367 pages : colored illustrations ;
_c23 x 16 cm.
504 _aIncludes index.
526 _a000-099
_d603
650 _aAlmanacs, Children's.
942 _cBK
_2ddc